[Event "Subotica-ch op"]
[Site "Subotica"]
[Date "2020.02.26"]
[Round "2"]
[White "Slavic, Nikola"]
[Black "Scepanovic, Labud"]
[Result "0-1"]
[WhiteElo "1935"]
[BlackElo "2073"]
[PlyCount "80"]
[EventDate "2020.02.24"]
[EventType "swiss"]
[EventRounds "9"]
[EventCountry "SRB"]
[SourceTitle "CBM 195 Extra"]
[Source "ChessBase"]
[SourceDate "2020.05.31"]
[SourceVersion "1"]
[SourceVersionDate "2020.05.31"]
[SourceQuality "1"]

1. e4 d6 2. d4 Nf6 3. Nc3 e5 4. Nf3 exd4 5. Nxd4 c5 6. Bb5+ Bd7 7. Bxd7+ Qxd7 8. Nf3 Nc6 9. h3 Be7 10. 0-0 0-0 11. Re1 Rfe8 12. Nd5 Rad8 13. c3 h6 14. Bf4 Nxd5 15. Qxd5 Bf8 16. Rad1 Qc8 17. Bg3 Re6 18. Qd3 Rde8 19. Re3 b6 20. Rde1 Qb8 21. Qd5 Qc8 22. e5 Ne7 23. Qd3 d5 24. Bh4 g5 25. Bxg5 hxg5 26. Nxg5 Rg6 27. Nxf7 Kxf7 28. e6+ Kg8 29. Rg3 Rxg3 30. Qxg3+ Bg7 31. Re5 Qc7 32. f4 Nc6 33. Rxd5 Rxe6 34. Qg4 Qe7 35. Rg5 Nd8 36. h4 Re1+ 37. Kh2 Nf7 38. Rg6 Qd6 39. Rf6 Re4 40. Qg6 Qe7 0-1

[Event "Gligoric Cup 5th"]
[Site "Novi Sad"]
[Date "2018.11.06"]
[Round "3.6"]
[White "Jovic, Stevan"]
[Black "Scepanovic, Labud"]
[Result "1-0"]
[WhiteElo "2163"]
[BlackElo "2136"]
[PlyCount "107"]
[EventDate "2018.11.04"]
[EventType "team-swiss"]
[EventRounds "5"]
[EventCountry "SRB"]
[SourceTitle "CBM 187 Extra"]
[Source "ChessBase"]
[SourceDate "2018.11.04"]
[SourceVersion "1"]
[SourceVersionDate "2018.11.04"]
[SourceQuality "1"]
[WhiteTeam "Backi Petrovac Mladost"]
[BlackTeam "Subotica Penzioner"]
[WhiteTeamCountry "SRB"]
[BlackTeamCountry "SRB"]

1. d4 d6 2. Nf3 Nf6 3. c4 Nc6 4. Nc3 e5 5. d5 Nb8 6. e4 Be7 7. Be2 0-0 8. 0-0 a5 9. Ne1 Na6 10. Nd3 b6 11. Be3 Nc5 12. Nxc5 bxc5 13. Rb1 Bd7 14. b3 h6 15. a3 Nh7 16. f3 Bg5 17. Bf2 Rb8 18. Qc2 g6 19. Rb2 f5 20. Rfb1 Bf4 21. h4 h5 22. b4 axb4 23. axb4 cxb4 24. Rxb4 Rxb4 25. Rxb4 Nf6 26. Bd3 fxe4 27. Nxe4 Bf5 28. Rb7 Nxe4 29. Bxe4 Rf7 30. Qb1 Kg7 31. g3 Bd2 32. Bxf5 gxf5 33. f4 Qf6 34. Qb2 Ba5 35. c5 dxc5 36. fxe5 Qe7 37. d6 Qe6 38. Bxc5 Qc4 39. Bd4 Kg6 40. Rb8 cxd6 41. exd6 Qe6 42. Rg8+ Kh6 43. Rh8+ Kg6 44. Be5 Rd7 45. Bf4 Rh7 46. Rf8 Rd7 47. Kh2 Rd8 48. Rxd8 Bxd8 49. Qd2 Qd7 50. Bg5 Bb6 51. Qd5 Kh7 52. Qe5 Kg8 53. Qf6 Qe8 54. Qxf5 1-0

[Event "Gligoric Cup 4th"]
[Site "Novi Banovci"]
[Date "2017.05.27"]
[Round "3.9"]
[White "Scepanovic, Labud"]
[Black "Stankovic, Milos M"]
[Result "1-0"]
[WhiteElo "2161"]
[BlackElo "1928"]
[PlyCount "128"]
[EventDate "2017.05.25"]
[EventType "team-swiss"]
[EventRounds "5"]
[EventCountry "SRB"]
[SourceTitle "CBM 178 Extra"]
[Source "ChessBase"]
[SourceDate "2017.06.22"]
[SourceVersion "1"]
[SourceVersionDate "2017.06.22"]
[SourceQuality "1"]
[WhiteTeam "Subotica Penzioner"]
[BlackTeam "Banovci Dunav"]
[WhiteTeamCountry "SRB"]
[BlackTeamCountry "SRB"]

1. e4 d6 2. Nf3 Nf6 3. d3 e5 4. Be2 Be7 5. 0-0 0-0 6. c3 Nbd7 7. Nbd2 c6 8. b3 Qc7 9. Bb2 b6 10. a3 Bb7 11. Re1 Rfe8 12. g3 g6 13. Rc1 Rad8 14. Qc2 Bf8 15. d4 Bh6 16. Rcd1 a6 17. h4 c5 18. d5 Rf8 19. Bc1 Ne8 20. Ng5 Bg7 21. Nf1 h6 22. Nh3 Bc8 23. Kg2 Ndf6 24. Ne3 Qd7 25. Ng1 Qe7 26. a4 Nc7 27. Nc4 Na8 28. Bd2 Ng4 29. f3 Nf6 30. b4 cxb4 31. cxb4 Bd7 32. Be3 Rc8 33. Qa2 Rb8 34. Bd3 Nh5 35. a5 b5 36. Nb6 f5 37. Bf2 Nf6 38. Rc1 fxe4 39. Bxe4 Nxb6 40. axb6 Nxe4 41. fxe4 Bc8 42. Rc7 Qf6 43. Be3 g5 44. hxg5 hxg5 45. Qd2 Bh6 46. Qe2 Qg6 47. Bf2 g4 48. Qd3 Bg5 49. Qc2 Qf6 50. Re2 Bb7 51. Qd3 Qg6 52. Rec2 Bd8 53. R7c3 Bg5 54. Be3 Bd8 55. Rf2 Rxf2+ 56. Bxf2 Bc8 57. Qc2 Bb7 58. Be3 Qh7 59. Bf2 Qg6 60. Qe2 Rc8 61. Rxc8 Bxc8 62. Qd3 Qh7 63. Qe3 Kg7 64. Kf1 Kf7 1-0

[Event "Palic Karadzic Memorial op"]
[Site "Palic"]
[Date "2016.10.30"]
[Round "3"]
[White "Nomin Erdene, Davaademberel"]
[Black "Scepanovic, Labud"]
[Result "1-0"]
[WhiteElo "2421"]
[BlackElo "2153"]
[PlyCount "109"]
[EventDate "2016.10.29"]
[EventType "swiss"]
[EventRounds "9"]
[EventCountry "SRB"]
[SourceTitle "CBM 175 Extra"]
[Source "ChessBase"]
[SourceDate "2016.12.12"]
[SourceVersion "1"]
[SourceVersionDate "2016.12.12"]
[SourceQuality "1"]

1. e4 e5 2. Nf3 d6 3. d4 exd4 4. Nxd4 Nf6 5. Nc3 Be7 6. Be2 0-0 7. 0-0 c5 8. Nb3 Nc6 9. f4 Be6 10. Be3 Re8 11. Bf3 a6 12. h3 Rc8 13. g4 Nd7 14. Nd2 f6 15. Bg2 Nb6 16. Nd5 Bf7 17. c4 Bf8 18. Bf2 Nxd5 19. exd5 Na5 20. a3 b5 21. b3 bxc4 22. bxc4 Rb8 23. Qc2 Re7 24. f5 Be8 25. Rab1 Reb7 26. Bg3 Qd7 27. Rxb7 Rxb7 28. Ne4 Nb3 29. g5 Nd4 30. Qf2 Qd8 31. Bh4 Rf7 32. gxf6 gxf6 33. Kh1 Kh8 34. Bf3 Be7 35. Bh5 Rf8 36. Bd1 Bd7 37. Ng3 Rf7 38. Re1 a5 39. Bh5 Rg7 40. Bg4 a4 41. Nh5 Rf7 42. Qf4 Qf8 43. Bf2 Nb3 44. Be3 Qd8 45. Qf2 Qa5 46. Ng3 Qa6 47. Bh5 Rg7 48. Bh6 Bf8 49. Bxg7+ Kxg7 50. Qg2 Qa5 51. Ne4+ Kh6 52. Rg1 Bxf5 53. Nxf6 Qd2 54. Ng8+ Kxh5 55. Qf3+ 1-0

[Event "Senta op 20th"]
[Site "Senta"]
[Date "2016.07.22"]
[Round "1"]
[White "Scepanovic, Labud"]
[Black "Barta, Aron"]
[Result "1-0"]
[WhiteElo "2159"]
[BlackElo "1640"]
[PlyCount "51"]
[EventDate "2016.07.22"]
[EventType "swiss"]
[EventRounds "9"]
[EventCountry "SRB"]
[SourceTitle "EXT 2017"]
[Source "ChessBase"]
[SourceDate "2016.10.25"]
[SourceVersion "1"]
[SourceVersionDate "2016.10.25"]
[SourceQuality "1"]

1. e4 e5 2. Nf3 Nc6 3. d3 d6 4. Be2 Nf6 5. 0-0 Be7 6. Nc3 0-0 7. h3 h6 8. Be3 Be6 9. a3 a6 10. Rb1 Rb8 11. Re1 Re8 12. Qd2 Kh7 13. d4 exd4 14. Nxd4 Bd7 15. f4 Qc8 16. Bf3 Nxd4 17. Bxd4 Ng8 18. Rbd1 Bh4 19. Re2 Bc6 20. Kh2 Qd8 21. g3 Bf6 22. Ba7 Ra8 23. Bf2 Rb8 24. b4 b5 25. Qd3 Bb7 26. e5+ 1-0

[Event "Subotica-ch op"]
[Site "Subotica"]
[Date "2016.03.04"]
[Round "6"]
[White "Scepanovic, Labud"]
[Black "Puhalo, Zdravko"]
[Result "1-0"]
[WhiteElo "2103"]
[BlackElo "2077"]
[PlyCount "101"]
[EventDate "2016.02.22"]
[EventType "swiss"]
[EventRounds "9"]
[EventCountry "SRB"]
[SourceTitle "CBM 171 Extra"]
[Source "ChessBase"]
[SourceDate "2016.04.26"]
[SourceVersion "1"]
[SourceVersionDate "2016.04.26"]
[SourceQuality "1"]

1. e4 d6 2. Nf3 Nc6 3. d3 Nf6 4. Be2 e5 5. 0-0 Be7 6. c3 0-0 7. a4 a5 8. Re1 h6 9. Qc2 Nh7 10. Nbd2 b6 11. d4 Bf6 12. Bb5 Bd7 13. Bxc6 Bxc6 14. Nc4 Re8 15. b3 Nf8 16. Bd2 Ng6 17. Rad1 Qc8 18. h3 Bd7 19. Qd3 Be6 20. Bc1 Qa6 21. Be3 Kh7 22. Nfd2 Qc8 23. Nf1 Kg8 24. Bc1 exd4 25. cxd4 d5 26. Ncd2 dxe4 27. Nxe4 Be7 28. d5 Bf5 29. Nfg3 Bxe4 30. Rxe4 Bb4 31. Bb2 Rxe4 32. Qxe4 Qe8 33. Qd4 Bf8 34. Nh5 f6 35. Qg4 Qf7 36. f4 Bc5+ 37. Kh1 Kh7 38. Qf5 Kg8 39. Qg4 Kh8 40. Qf3 Rd8 41. f5 Ne5 42. Bxe5 fxe5 43. Qg4 Bd4 44. Nf4 exf4 45. Rxd4 Rxd5 46. Rxf4 Rd6 47. Qf3 Rf6 48. Rd4 Rxf5 49. Rd8+ Kh7 50. Qd3 h5 51. g4 1-0

[Event "Subotica-ch op"]
[Site "Subotica"]
[Date "2016.03.02"]
[Round "5"]
[White "Matkovic, Jovan"]
[Black "Scepanovic, Labud"]
[Result "0-1"]
[WhiteElo "1960"]
[BlackElo "2103"]
[PlyCount "54"]
[EventDate "2016.02.22"]
[EventType "swiss"]
[EventRounds "9"]
[EventCountry "SRB"]
[SourceTitle "CBM 171 Extra"]
[Source "ChessBase"]
[SourceDate "2016.04.26"]
[SourceVersion "1"]
[SourceVersionDate "2016.04.26"]
[SourceQuality "1"]

1. e4 e5 2. Nf3 d6 3. Bc4 Be7 4. d4 exd4 5. Nxd4 Nf6 6. Nc3 0-0 7. h3 Nxe4 8. Nxe4 d5 9. Nd2 dxc4 10. Nxc4 Bf6 11. Be3 Qd5 12. Qd3 b5 13. Nd2 Rd8 14. N2f3 b4 15. Qb3 Qa5 16. c3 bxc3 17. bxc3 c5 18. Ne2 Ba6 19. Bd2 Bxe2 20. Kxe2 Qa6+ 21. Kd1 Nc6 22. Rc1 Rab8 23. Qc2 Na5 24. Qa4 h6 25. Re1 Bg5 26. Nxg5 Rxd2+ 27. Kxd2 Nc4+ 0-1

[Event "Subotica-ch op"]
[Site "Subotica"]
[Date "2016.02.26"]
[Round "3"]
[White "Kovacs Sztriko, Zoltan"]
[Black "Scepanovic, Labud"]
[Result "1-0"]
[WhiteElo "2046"]
[BlackElo "2103"]
[PlyCount "101"]
[EventDate "2016.02.22"]
[EventType "swiss"]
[EventRounds "9"]
[EventCountry "SRB"]
[SourceTitle "CBM 171 Extra"]
[Source "ChessBase"]
[SourceDate "2016.04.26"]
[SourceVersion "1"]
[SourceVersionDate "2016.04.26"]
[SourceQuality "1"]

1. d4 d6 2. c4 Nf6 3. Nc3 Nbd7 4. e4 e5 5. d5 Nc5 6. Bd3 Nxd3+ 7. Qxd3 a5 8. Nge2 Be7 9. 0-0 0-0 10. f4 exf4 11. Bxf4 Nd7 12. Nd4 Bf6 13. Nf3 Re8 14. Rae1 Nc5 15. Qc2 g6 16. e5 Bf5 17. Qd2 Bg7 18. exd6 Rxe1 19. Rxe1 cxd6 20. Bg3 Nd3 21. Kh1 Nxe1 22. Qxe1 Bg4 23. Nb5 Bxf3 24. gxf3 Qf6 25. Qe2 Rd8 26. b3 h5 27. Be1 Kf8 28. Bc3 Qf4 29. Bd2 Qh4 30. Be1 Qh3 31. Bg3 Be5 32. Bxe5 dxe5 33. Kg1 Qf5 34. Kf2 Qf4 35. Kg2 f5 36. Nc7 Rd6 37. c5 Ra6 38. d6 Qg5+ 39. Kh3 Qf6 40. Nxa6 bxa6 41. Qxa6 g5 42. Qc8+ Kg7 43. d7 g4+ 44. Kg2 gxf3+ 45. Kxf3 e4+ 46. Kf4 Qh4+ 47. Ke5 Qxh2+ 48. Ke6 f4 49. d8Q Qh3+ 50. Kd6 Qd3+ 51. Kc7 1-0

[Event "Subotica-ch op"]
[Site "Subotica"]
[Date "2016.02.22"]
[Round "1"]
[White "Bicskei, Mihaly"]
[Black "Scepanovic, Labud"]
[Result "0-1"]
[WhiteElo "1839"]
[BlackElo "2103"]
[PlyCount "92"]
[EventDate "2016.02.22"]
[EventType "swiss"]
[EventRounds "9"]
[EventCountry "SRB"]
[SourceTitle "CBM 171 Extra"]
[Source "ChessBase"]
[SourceDate "2016.04.26"]
[SourceVersion "1"]
[SourceVersionDate "2016.04.26"]
[SourceQuality "1"]

1. e4 d6 2. d4 Nf6 3. Nc3 Nbd7 4. f4 e5 5. Nf3 exd4 6. Nxd4 Be7 7. Be2 0-0 8. 0-0 c6 9. Be3 Qc7 10. Bf3 a5 11. a4 Nc5 12. Nb3 Nxb3 13. cxb3 Nd7 14. Rc1 Nc5 15. Bxc5 dxc5 16. Be2 Be6 17. Bc4 Rfd8 18. Qe2 Bxc4 19. bxc4 Rd4 20. e5 Rad8 21. Ne4 Kh8 22. Rc3 Re8 23. Ra3 g6 24. Re3 Qd8 25. f5 gxf5 26. Rxf5 Rd1+ 27. Rf1 Rxf1+ 28. Kxf1 Qd4 29. Ng3 Rd8 30. Re4 Qd7 31. Qf3 Qe6 32. Nf5 Bf8 33. Ne3 Rd4 34. Rxd4 cxd4 35. Ng4 Qxc4+ 36. Kf2 Qc2+ 37. Kg3 Qg6 38. Qf6+ Kg8 39. Qd8 h5 40. h3 hxg4 41. hxg4 d3 42. Kf3 c5 43. Qxa5 Qc6+ 44. Ke3 c4 45. Kd4 d2 46. Qxd2 Qd7+ 0-1

[Event "Senta op 19th"]
[Site "Senta"]
[Date "2015.07.18"]
[Round "9"]
[White "Scepanovic, Labud"]
[Black "Markovic, Aleksandar"]
[Result "0-1"]
[WhiteElo "2172"]
[BlackElo "2133"]
[PlyCount "86"]
[EventDate "2015.07.11"]
[EventType "swiss"]
[EventRounds "9"]
[EventCountry "SRB"]
[SourceTitle "EXT 2016"]
[Source "ChessBase"]
[SourceDate "2015.10.08"]
[SourceVersion "1"]
[SourceVersionDate "2015.10.08"]
[SourceQuality "1"]

1. g3 Nf6 2. Bg2 g6 3. e4 d6 4. Nc3 c5 5. d3 Bg7 6. Nf3 0-0 7. 0-0 Nc6 8. Rb1 Rb8 9. Re1 b5 10. Bg5 b4 11. Nd5 Nxd5 12. exd5 Ne5 13. Nxe5 Bxe5 14. d4 cxd4 15. f4 Bf6 16. Bxf6 exf6 17. Qxd4 Qb6 18. Qxb6 Rxb6 19. c4 b3 20. axb3 Rxb3 21. Be4 Re8 22. Kf2 Bg4 23. h3 Bxh3 24. Bc2 Rxe1 25. Kxe1 Rxg3 26. Bd1 Rg1+ 27. Kf2 Rf1+ 28. Kg3 Bf5 29. Rc1 a5 30. b3 h5 31. Kg2 Rxf4 32. Ra1 Be4+ 33. Kg1 Bd3 34. Kg2 Rd4 35. Kf2 Bf5 36. Ke3 Rd3+ 37. Ke2 Rh3 38. Kd2 Rh2+ 39. Kc1 Rh1 40. Rxa5 Bg4 41. Ra8+ Kg7 42. Rd8 Rxd1+ 43. Kc2 h4 0-1

[Event "Senta op 19th"]
[Site "Senta"]
[Date "2015.07.16"]
[Round "7"]
[White "Penjov, Damjan"]
[Black "Scepanovic, Labud"]
[Result "0-1"]
[WhiteElo "2022"]
[BlackElo "2172"]
[PlyCount "48"]
[EventDate "2015.07.11"]
[EventType "swiss"]
[EventRounds "9"]
[EventCountry "SRB"]
[SourceTitle "EXT 2016"]
[Source "ChessBase"]
[SourceDate "2015.10.08"]
[SourceVersion "1"]
[SourceVersionDate "2015.10.08"]
[SourceQuality "1"]

1. d4 g6 2. c4 Bg7 3. Nc3 c5 4. d5 Bxc3+ 5. bxc3 d6 6. e4 Qa5 7. Qc2 Nf6 8. Bd2 Nbd7 9. f4 0-0 10. Nf3 Nb6 11. Bd3 Bd7 12. e5 Ba4 13. Qb1 Nfd7 14. e6 fxe6 15. Bxg6 Nxc4 16. Bxh7+ Kh8 17. Ng5 Nxd2 18. Kxd2 Rxf4 19. Rf1 Rd4+ 20. Bd3 c4 21. Rf3 Rxd3+ 22. Rxd3 cxd3 23. Qxd3 Qxd5 24. Qxd5 exd5 0-1

[Event "Senta op 19th"]
[Site "Senta"]
[Date "2015.07.13"]
[Round "4"]
[White "Scepanovic, Labud"]
[Black "Baglan, Esat"]
[Result "0-1"]
[WhiteElo "2172"]
[BlackElo "2257"]
[PlyCount "156"]
[EventDate "2015.07.11"]
[EventType "swiss"]
[EventRounds "9"]
[EventCountry "SRB"]
[SourceTitle "EXT 2016"]
[Source "ChessBase"]
[SourceDate "2015.10.08"]
[SourceVersion "1"]
[SourceVersionDate "2015.10.08"]
[SourceQuality "1"]

1. g3 e5 2. Bg2 d5 3. c4 Nf6 4. cxd5 Nxd5 5. d3 Nc6 6. Nc3 Nb6 7. Nf3 Be7 8. 0-0 0-0 9. a3 Be6 10. b4 f6 11. Bb2 a5 12. b5 Nd4 13. Nxd4 exd4 14. Na4 Bd5 15. Nxb6 cxb6 16. Qa4 Bxg2 17. Kxg2 Qd5+ 18. Kg1 Bc5 19. Qc4 Qxc4 20. dxc4 Rfe8 21. Rfd1 Rad8 22. Kf1 Kf7 23. Rd3 Rd6 24. Rad1 Red8 25. a4 Ke6 26. h4 R8d7 27. Kg2 Rd8 28. Kf3 Ke7 29. g4 R8d7 30. Bc1 Rd8 31. Bf4 R6d7 32. h5 Ke6 33. Ke4 Re7 34. Bg3 Kf7+ 35. Kf3 Rde8 36. R3d2 g6 37. hxg6+ hxg6 38. Rc2 g5 39. Rdd2 Re4 40. Kg2 Bb4 41. f3 Bxd2 42. fxe4 Bb4 43. Kf3 Ke6 44. Rc1 Rc8 45. Bf2 Bc3 46. e3 Bd2 47. Rc2 dxe3 48. Bxe3 Bxe3 49. Kxe3 Ke5 50. Rc1 Rh8 51. Rf1 Rh3+ 52. Ke2 Rc3 53. Rf5+ Ke6 54. e5 fxe5 55. Rxg5 Rxc4 56. Rg6+ Kd5 57. Rxb6 Rxg4 58. Rxb7 Rxa4 59. b6 Rb4 60. Rd7+ Ke4 61. b7 a4 62. Rh7 Rb2+ 63. Kd1 a3 64. Kc1 Rb6 65. Rh4+ Kf5 66. Rh5+ Kf4 67. Rh4+ Kg5 68. Ra4 Rxb7 69. Rxa3 Rd7 70. Rf3 e4 71. Rf8 Kg4 72. Kc2 e3 73. Rf6 e2 74. Re6 Kf3 75. Rf6+ Kg2 76. Rg6+ Kf1 77. Rf6+ Ke1 78. Rc6 Rf7 0-1

[Event "Senta op 19th"]
[Site "Senta"]
[Date "2015.07.12"]
[Round "3"]
[White "Korponai, Akos"]
[Black "Scepanovic, Labud"]
[Result "0-1"]
[WhiteElo "2002"]
[BlackElo "2172"]
[PlyCount "72"]
[EventDate "2015.07.11"]
[EventType "swiss"]
[EventRounds "9"]
[EventCountry "SRB"]
[SourceTitle "EXT 2016"]
[Source "ChessBase"]
[SourceDate "2015.10.08"]
[SourceVersion "1"]
[SourceVersionDate "2015.10.08"]
[SourceQuality "1"]

1. d4 g6 2. Nf3 Bg7 3. g3 c5 4. Bg2 cxd4 5. Nxd4 Nc6 6. Nb3 d6 7. 0-0 Nf6 8. Nc3 0-0 9. e4 a5 10. a4 Bg4 11. f3 Be6 12. Be3 Rc8 13. Nd4 Bc4 14. Re1 Nd7 15. f4 Nb4 16. Qd2 Ba6 17. Bh3 Rc4 18. Bf1 Bxd4 19. Bxd4 Rxd4 20. Qxd4 Nxc2 21. Qd2 Nxa1 22. Rxa1 Bxf1 23. Rxf1 Nb6 24. Rc1 Qd7 25. b3 Rc8 26. Nb5 Rxc1+ 27. Qxc1 Qc8 28. Qd2 Qc5+ 29. Kf1 Nd7 30. Qxa5 Qc1+ 31. Qe1 Qb2 32. Qc3 Qb1+ 33. Kf2 Nc5 34. Qe3 Nxb3 35. Nc3 Qc2+ 36. Kg1 Nd2 0-1

[Event "Subotica-ch"]
[Site "Subotica"]
[Date "2015.02.27"]
[Round "6"]
[White "Gabric, Goran"]
[Black "Scepanovic, Labud"]
[Result "0-1"]
[WhiteElo "2161"]
[BlackElo "2141"]
[PlyCount "82"]
[EventDate "2015.02.16"]
[EventType "swiss"]
[EventRounds "9"]
[EventCountry "SRB"]
[SourceTitle "CBM 165 Extra"]
[Source "ChessBase"]
[SourceDate "2015.04.21"]
[SourceVersion "1"]
[SourceVersionDate "2015.04.21"]
[SourceQuality "1"]

1. e4 d6 2. d4 Nf6 3. Nc3 g6 4. Bc4 Bg7 5. Nf3 0-0 6. Qe2 Nfd7 7. Bg5 h6 8. Bh4 Nb6 9. Bb3 a5 10. a4 Bg4 11. 0-0-0 Nc6 12. Qe3 Qe8 13. Nd5 Rc8 14. h3 Bd7 15. Kb1 g5 16. Bxg5 hxg5 17. Nxg5 e6 18. Nf4 d5 19. exd5 Nxd5 20. Nxd5 exd5 21. Qd3 f5 22. Bxd5+ Kh8 23. Qg3 Qh5 24. f4 Nxd4 25. Qf2 c5 26. c3 Bxa4 27. g4 Qg6 28. Rde1 fxg4+ 29. Be4 g3 30. Qg2 Nf5 31. h4 Bc6 32. h5 Bxe4+ 33. Rxe4 Qc6 34. h6 Bf6 35. Rhe1 Bxg5 36. fxg5 Qg6 37. Re6 Ne3+ 38. Rxg6 Nxg2 39. Rg7 Nxe1 40. g6 Rf6 41. Rh7+ Kg8 0-1

[Event "Subotica-ch"]
[Site "Subotica"]
[Date "2015.02.23"]
[Round "4"]
[White "Jelovac, Ivko"]
[Black "Scepanovic, Labud"]
[Result "0-1"]
[WhiteElo "1931"]
[BlackElo "2141"]
[PlyCount "52"]
[EventDate "2015.02.16"]
[EventType "swiss"]
[EventRounds "9"]
[EventCountry "SRB"]
[SourceTitle "CBM 165 Extra"]
[Source "ChessBase"]
[SourceDate "2015.04.21"]
[SourceVersion "1"]
[SourceVersionDate "2015.04.21"]
[SourceQuality "1"]

1. e4 d6 2. d4 Nf6 3. Nc3 g6 4. f4 Bg7 5. Nf3 0-0 6. h3 d5 7. e5 Ne4 8. Nxe4 dxe4 9. Nh2 Be6 10. Be3 f6 11. Qe2 Nc6 12. c3 a5 13. Qb5 Kh8 14. Bc4 Na7 15. Qa4 b5 16. Bxb5 Qb8 17. Bc4 Qxb2 18. 0-0 Qxc3 19. Bxe6 Qxe3+ 20. Kh1 Rad8 21. Rad1 fxe5 22. fxe5 Rxf1+ 23. Nxf1 Qf2 24. Qb3 Nc6 25. Ne3 Nxd4 26. Ng4 Qf8 0-1

[Event "Senta op 18th"]
[Site "Senta"]
[Date "2014.07.23"]
[Round "6"]
[White "Scepanovic, Labud"]
[Black "Atalik, Suat"]
[Result "0-1"]
[WhiteElo "2144"]
[BlackElo "2550"]
[PlyCount "38"]
[EventDate "2014.07.19"]
[EventType "swiss"]
[EventRounds "9"]
[EventCountry "SRB"]
[SourceTitle "CBM 163"]
[Source "ChessBase"]
[SourceDate "2014.11.11"]
[SourceVersion "1"]
[SourceVersionDate "2014.11.11"]
[SourceQuality "1"]

1. g3 d5 2. Bg2 e5 3. d4 exd4 4. Qxd4 Nf6 5. Nc3 c5 6. Qd3 Be6 7. Bg5 c4 8. Qd2 Bb4 9. e3 Nbd7 10. Nge2 Qb6 11. a3 Ba5 12. 0-0 Ne4 13. Bxe4 dxe4 14. b4 cxb3 15. cxb3 Ne5 16. Nd4 Bxb3 17. Rab1 Rc8 18. Rfc1 0-0 19. Qb2 Nd3 0-1

[Event "Senta op 18th"]
[Site "Senta"]
[Date "2014.07.22"]
[Round "5"]
[White "Scepanovic, Labud"]
[Black "Besedes, Danilo"]
[Result "1-0"]
[WhiteElo "2144"]
[BlackElo "2029"]
[PlyCount "63"]
[EventDate "2014.07.19"]
[EventType "swiss"]
[EventRounds "9"]
[EventCountry "SRB"]
[SourceTitle "CBM 161 Extra"]
[Source "ChessBase"]
[SourceDate "2014.08.29"]
[SourceVersion "1"]
[SourceVersionDate "2014.08.29"]
[SourceQuality "1"]

1. g3 Nf6 2. Bg2 d5 3. Nf3 g6 4. 0-0 Bg7 5. d3 0-0 6. c3 Nc6 7. Qc2 e5 8. e4 a5 9. Re1 Re8 10. Bg5 Be6 11. d4 dxe4 12. Nxe5 Bd5 13. Nxc6 Bxc6 14. Nd2 Re6 15. Nxe4 Bxe4 16. Rxe4 Rxe4 17. Bxe4 c6 18. Bf3 Qd7 19. Re1 Re8 20. Rxe8+ Qxe8 21. Qd2 Qe6 22. Qf4 Ne8 23. Qb8 h6 24. Bf4 Qd7 25. Qa8 Kh7 26. Qxa5 Nd6 27. Qb4 Bf8 28. Qb3 Qf5 29. Kg2 g5 30. Bxd6 Bxd6 31. Qxb7 g4 32. Bxc6 1-0

[Event "Senta op 18th"]
[Site "Senta"]
[Date "2014.07.19"]
[Round "1"]
[White "Scepanovic, Labud"]
[Black "Abel, Istvan"]
[Result "1-0"]
[WhiteElo "2144"]
[BlackElo "1710"]
[PlyCount "53"]
[EventDate "2014.07.19"]
[EventType "swiss"]
[EventRounds "9"]
[EventCountry "SRB"]
[SourceTitle "CBM 161 Extra"]
[Source "ChessBase"]
[SourceDate "2014.08.29"]
[SourceVersion "1"]
[SourceVersionDate "2014.08.29"]
[SourceQuality "1"]

1. g3 f5 2. e4 fxe4 3. d3 Nf6 4. dxe4 e6 5. e5 Nd5 6. Bd3 Bc5 7. Qh5+ Kf8 8. Bg6 Nf6 9. exf6 Qxf6 10. Bd3 Bxf2+ 11. Kd1 g6 12. Qe2 Bd4 13. c3 Bc5 14. Nh3 Ke8 15. Bf4 d6 16. Nd2 e5 17. Ng5 Qe7 18. Re1 Nc6 19. Bb5 Kd8 20. Bxc6 bxc6 21. Be3 Bxe3 22. Qxe3 Bg4+ 23. Kc1 Re8 24. h3 Bd7 25. g4 d5 26. Qxe5 Qc5 27. Qxe8+ 1-0

[Event "Senta op-B 17th"]
[Site "Senta"]
[Date "2013.07.20"]
[Round "9"]
[White "Scepanovic, Labud"]
[Black "Zivkovic, Momcilo"]
[Result "0-1"]
[WhiteElo "2187"]
[BlackElo "2138"]
[PlyCount "86"]
[EventDate "2013.07.13"]
[EventType "swiss"]
[EventRounds "9"]
[EventCountry "SRB"]
[SourceTitle "EXT 2014"]
[Source "ChessBase"]
[SourceDate "2013.11.20"]
[SourceVersion "1"]
[SourceVersionDate "2013.11.20"]
[SourceQuality "1"]

1. g3 d5 2. Bg2 Bf5 3. c4 c6 4. Qb3 e6 5. Qxb7 Nd7 6. Nc3 Rb8 7. Qxc6 Rc8 8. Qb5 Rxc4 9. d3 Rb4 10. Qc6 Ne7 11. Qa6 Nc5 12. Qa3 Nc6 13. Kf1 Rb6 14. Be3 Ra6 15. Qxc5 Bxc5 16. Bxc5 Qa5 17. d4 Rb6 18. e4 Rxb2 19. Nge2 Bxe4 20. Nxe4 dxe4 21. Bxe4 Qb5 22. Bf3 Ne5 23. a4 Qc4 24. dxe5 Qxc5 25. Rc1 Rc2 26. Kg2 0-0 27. Rxc2 Qxc2 28. a5 Qa4 29. Rb1 Qxa5 30. Rb7 a6 31. Nd4 Qxe5 32. Nc6 Qd6 33. Ra7 g5 34. Rxa6 Rc8 35. g4 h5 36. h3 hxg4 37. hxg4 Kg7 38. Rb6 Rh8 39. Rb2 Qh2+ 40. Kf1 Qf4 41. Ke2 Qc4+ 42. Kd2 Rh2 43. Rb4 Rxf2+ 0-1

[Event "Subotica-ch"]
[Site "Subotica"]
[Date "2013.05.29"]
[Round "8"]
[White "Scepanovic, Labud"]
[Black "Pardic, Oliver"]
[Result "0-1"]
[WhiteElo "2186"]
[BlackElo "2237"]
[PlyCount "43"]
[EventDate "2013.05.13"]
[EventType "swiss"]
[EventRounds "9"]
[EventCountry "SRB"]
[SourceTitle "CBM 154 Extra"]
[Source "ChessBase"]
[SourceDate "2013.06.25"]
[SourceVersion "2"]
[SourceVersionDate "2013.06.25"]
[SourceQuality "1"]

1. d4 d6 2. Nf3 Bg4 3. e4 e5 4. Bc4 exd4 5. c3 Bxf3 6. Qxf3 Nf6 7. cxd4 Nc6 8. Be3 Be7 9. Nc3 0-0 10. 0-0 a6 11. Rad1 Nd7 12. Qh3 Kh8 13. Bb3 Na5 14. e5 Nxb3 15. axb3 f5 16. Nd5 Rc8 17. Nf4 Qe8 18. Ne6 Rf7 19. Bg5 dxe5 20. d5 Kg8 21. Qh5 h6 22. Bxe7 0-1

[Event "Subotica-ch"]
[Site "Subotica"]
[Date "2013.05.27"]
[Round "7"]
[White "Scepanovic, Labud"]
[Black "Sente, Damir"]
[Result "1/2-1/2"]
[WhiteElo "2186"]
[BlackElo "2077"]
[PlyCount "82"]
[EventDate "2013.05.13"]
[EventType "swiss"]
[EventRounds "9"]
[EventCountry "SRB"]
[SourceTitle "CBM 154 Extra"]
[Source "ChessBase"]
[SourceDate "2013.06.25"]
[SourceVersion "2"]
[SourceVersionDate "2013.06.25"]
[SourceQuality "1"]

1. g3 e5 2. Bg2 d5 3. d4 e4 4. c4 Bb4+ 5. Nc3 c6 6. cxd5 cxd5 7. Bd2 Nc6 8. a3 Bxc3 9. Bxc3 Nf6 10. e3 h5 11. h4 Bg4 12. Qb3 Qd7 13. Bh3 0-0-0 14. Bxg4 hxg4 15. Ne2 g5 16. 0-0-0 gxh4 17. gxh4 Qf5 18. Rh2 Nh5 19. Rg1 Rh6 20. Qd1 Qe6 21. Kb1 f5 22. Qa4 Kb8 23. Bd2 Qd7 24. Rc1 Ne5 25. Qxd7 Nxd7 26. Bb4 Rc8 27. Rhh1 Rxc1+ 28. Rxc1 Rc6 29. Ng3 Rxc1+ 30. Kxc1 Nxg3 31. Bd6+ Kc8 32. fxg3 Nf6 33. Be5 Nh5 34. Kd2 Kd7 35. Ke2 Kc6 36. b3 Kb5 37. Kd2 Kc6 38. Kc3 a5 39. a4 b5 40. Kd2 Kb6 41. Ke2 Kc6 1/2-1/2